000 01622nam a2200481 i 4500
001 14419
003 KOSZ 005
005 20200825105637.0
008 071018s1971 pl a f 000 0 pol
015 _aPB 1971/6654
035 _a991037476079705066
035 _a(PL-WaBN)b20049699-48omnis_nlop
035 _ab20049699
035 _a(OCoLC)750674921
035 _a(PL)b0000002004969
035 _a(EXLNZ-48OMNIS_NETWORK)9910529109405606
040 _aWA N
_cWA N
_dKOSZ 005/RW
046 _k1971
080 _a62(438)
080 _a66/69(438)
080 _a331.82(438)
080 _a368.4(438)
100 1 _aNagurski, Teodor
_d(1901-1973).
_eAutor
245 1 0 _aAnaliza wypadków przy pracy w przemyśle i ich skutki ekonomiczno-społeczne /
_cTeodor Nagurski.
260 _aWarszawa :
_b"Książka i Wiedza",
_c1971.
300 _a183, [4] strony :
_bilustracje ;
_c21 cm.
336 _aTekst
_btxt
_2rdacontent
337 _aBez urządzenia pośredniczącego
_bn
_2rdamedia
338 _aWolumin
_bnc
_2rdacarrier
380 _aKsiążki
388 _a1901-2000
504 _aBibliografia na stronach 150-155.
658 _aGospodarka, ekonomia, finanse
650 7 _aPrzemysł
_2DBN
650 7 _aAnaliza danych
650 7 _aBHP
650 7 _aUbezpieczenia
650 7 _aWypadki przy pracy
_2DBN
710 2 _aSpółdzielnia Wydawniczo-Handlowa "Książka i Wiedza"
_4pbl
856 _uhttp://koha.tu.koszalin.pl/cgi-bin/koha/opac-detail.pl?biblionumber=14419
_yKatalog online BPK
942 _2UKD
_cKS
999 _c14419
_d14419